| 000 | 00844nam a22001815i 4500 | ||
|---|---|---|---|
| 001 | 153696 | ||
| 003 | ES-MaACL | ||
| 005 | 20230906205339.0 | ||
| 008 | 040709s1884 sp |||| | spa d | ||
| 040 |
_aCAM _bspa _cCAM |
||
| 110 | 2 |
_aEscuela de Artes y Oficios (Bilbao) _9134362 |
|
| 245 | 1 | 0 |
_aMemoria sobre la organización y progresos de la Escuela de Artes y Oficios de Bilbao _b: durante el período comprendido desde su creación hasta el 30 de junio 1884 / _cpor Laureano Gómez Santa María. |
| 260 |
_aBilbao : _b[s.n.], _c1884 ( _fEstablecimiento tipográfico de la Viuda de Delmas) |
||
| 300 |
_a116, [2] p., [2] h. pleg. cromolit. ; _c20 cm. |
||
| 610 | 2 | 4 |
_aEscuela de Artes y Oficios (Bilbao)- _vMemorias. _9153306 |
| 700 | 1 | 1 |
_aGómez Santa María, Laureano. _958156 |
| 852 |
_aES-MaACL _jT-363-F-6 _z-- Enc. en un vol. facticio |
||
| 999 |
_c153696 _d153696 |
||